| 000 | 01069cad a22002175a 4500 | ||
|---|---|---|---|
| 001 | L151770 | ||
| 008 | 101130s2010 xxk g 000 0 eng d | ||
| 035 | _a(Sirsi) u151770 | ||
| 041 | 0 | _aeng | |
| 050 | _a696.9 $2 18 | ||
| 110 | 2 |
_aUnited Kingdom _bDepartment for Business, Innovation and Skills _95760 |
|
| 240 | _aMorrell report | ||
| 245 | 0 | 0 |
_aLow carbon construction _binnovation and growth team, final report _h[electronic resource] |
| 260 |
_aLondon _bBIS _c2010 |
||
| 520 | _aThe final report, sometimes known as the Morrell Report, of an Innovation and Growth Team (IGT), drawn from across the UK construction industry to consider how the UK construction industry can rise to the challenge of the low carbon agenda. | ||
| 590 | _aKA NTK | ||
| 651 | 4 |
_aUnited Kingdom _y |
|
| 690 | _aBUILT ENVIRONMENT-SUSTAINABLE CONSTRUCTION | ||
| 856 | 4 | 0 |
_uhttps://www.bis.gov.uk/assets/biscore/business-sectors/docs/l/10-1266-low-carbon-construction-igt-final-report.pdftoday%E2%80%99s _zView this item free of charge at www.constructingexcellence.org.uk |
| 942 | _n0 | ||
| 999 |
_c111612 _d111612 |
||